Scottish Nature Conservation Bill (Record no. 73532)

MARC details
000 -LEADER
fixed length control field 00899cam a2200205 4500
001 - CONTROL NUMBER
control field WB3937-22
008 - FIXED-LENGTH DATA ELEMENTS--GENERAL INFORMATION
fixed length control field 031002n2003 000 0 eng u
035 ## - SYSTEM CONTROL NUMBER
System control number (Sirsi) u123814
245 ## - TITLE STATEMENT
Title Scottish Nature Conservation Bill
260 ## - PUBLICATION, DISTRIBUTION, ETC.
Date of publication, distribution, etc. 2003
490 ## - SERIES STATEMENT
Series statement Scottish Executive News Release
Volume/sequential designation (SEen639/2003) 30 September 2003 (2)
520 ## - SUMMARY, ETC.
Summary, etc. The Scottish Executive has announced a comprehensive framework of measures for the enhanced protection of Scotland's natural environment. The Bill will strengthen support for the diversity of flora and fauna. The Bill will be available from the Stationery Office at http://www.hmso.gov.uk. http://www.scotland.gov.uk/pages/news/2003/09/SEen639.aspx
590 ## - LOCAL NOTE (RLIN)
Local note WB
650 ## - SUBJECT ADDED ENTRY--TOPICAL TERM
Topical term or geographic name entry element SCOTLAND
650 ## - SUBJECT ADDED ENTRY--TOPICAL TERM
Topical term or geographic name entry element NATURE CONSERVATION BILL
650 ## - SUBJECT ADDED ENTRY--TOPICAL TERM
Topical term or geographic name entry element WILDLIFE CRIME
650 ## - SUBJECT ADDED ENTRY--TOPICAL TERM
Topical term or geographic name entry element SITES OF SPECIAL SCIENTIFIC INTEREST
690 ## - LOCAL SUBJECT ADDED ENTRY--TOPICAL TERM (OCLC, RLIN)
Topical term or geographic name as entry element Rural
9 (RLIN) 6268
942 ## - ADDED ENTRY ELEMENTS (KOHA)
Suppress in OPAC 0
Holdings
Withdrawn status Lost status Source of classification or shelving scheme Damaged status Not for loan Home library Current library Shelving location Date acquired Total Checkouts Full call number Barcode Date last seen Copy number Price effective from Koha item type
    Dewey Decimal Classification     London London News article 02/10/2003   WB3937-22 123814-1001 06/08/2019 1 06/08/2019 News article